| 000 | 00546nam a22001817a 4500 | ||
|---|---|---|---|
| 005 | 20260205082857.0 | ||
| 008 | 260205b |||||||| |||| 00| 0 eng d | ||
| 020 | _a9780961462048 | ||
| 050 |
_a RG186 _b .W38 1992 |
||
| 100 | _a Weed, Susun S. | ||
| 245 |
_a Menopausal years : _bthe wise woman way / |
||
| 260 |
_a Woodstock, N.Y. : _bAsh Tree Pub., _c1992. |
||
| 300 |
_axxiii, 199 p. : _b ill. ; _c22 cm. |
||
| 500 | _a Includes bibliographical references and index | ||
| 650 | _aMenopause | ||
| 650 | _aPopular works. | ||
| 942 |
_2lcc _cBK |
||
| 999 |
_c60138 _d60138 |
||